000 00253nam a22001217a 4500
008 170411b xxu||||| |||| 00| 0 eng d
041 _aeng
080 _a612.39
100 _a10
101 _aSHM
245 _aNUTRITION
_cTHOMPSON, J
942 _2udc
_cBK
999 _c10298
_d10298